000 00429nam a2200169Ia 4500
005 20250423095545.0
008 250422s9999 xx 000 0 und d
020 _a978- 1- 4165- 5902- 3
050 _aPS 3562. O78745G85
100 _aJulia London
245 0 _aGuiding light: Jonathan's story
260 _bPocket books
260 _c2007
300 _a342 p
650 _aGuiding light (television program)
942 _cBK
999 _c30638
_d30638